Countries Bordering 'B' Countries - Statistics

General Stats
  • This quiz has been taken 2,818 times
    2,538 since last reset
  • The average score is 34 of 48
Answer Stats
Country % Correct
Argentina
91%
India
87%
France
86%
Paraguay
86%
Peru
86%
Colombia
85%
Uruguay
84%
Netherlands
83%
Suriname
83%
Venezuela
83%
Guyana
81%
Chile
80%
China
79%
Russia
79%
Serbia
78%
South Africa
77%
Germany
76%
Romania
75%
Togo
75%
Luxembourg
74%
Ukraine
74%
Zimbabwe
74%
Bolivia
73%
Niger
73%
Zambia
73%
Namibia
71%
Croatia
69%
Lithuania
69%
Ghana
68%
Greece
68%
Guatemala
67%
Nigeria
67%
Poland
67%
D.R. Congo
66%
Mali
65%
Mexico
65%
Brazil
63%
Montenegro
63%
Myanmar
62%
Rwanda
61%
Malaysia
59%
Latvia
58%
Macedonia
56%
Côte d’Ivoire
55%
Tanzania
54%
Turkey
53%
Benin
46%
Burkina Faso
44%
No matching quizzes found
Score Distribution
Percent of People with Each Score
Percentile by Number Answered
Your Score History
You have not taken this quiz since the last reset